<?xml version="1.0" encoding="UTF-8"?>
<record
    xmlns:xsi="http://www.w3.org/2001/XMLSchema-instance"
    xsi:schemaLocation="http://www.loc.gov/MARC21/slim http://www.loc.gov/standards/marcxml/schema/MARC21slim.xsd"
    xmlns="http://www.loc.gov/MARC21/slim">

  <leader>01299nam a22001697a 4500</leader>
  <controlfield tag="008">121012t        xxu||||| |||| 00| 0 eng d</controlfield>
  <datafield tag="020" ind1=" " ind2=" ">
    <subfield code="a">9788184781038</subfield>
  </datafield>
  <datafield tag="050" ind1=" " ind2=" ">
    <subfield code="a">HF5635.S43</subfield>
  </datafield>
  <datafield tag="100" ind1=" " ind2=" ">
    <subfield code="a">Sehgal, Ashok,</subfield>
  </datafield>
  <datafield tag="245" ind1=" " ind2=" ">
    <subfield code="a">Taxman's financial accounting: problems and solutions. /</subfield>
    <subfield code="c">Ashok Sehgal and Dr. Deepak Sehgal</subfield>
  </datafield>
  <datafield tag="260" ind1=" " ind2=" ">
    <subfield code="a">New Delhi:</subfield>
    <subfield code="b">Taxmann Allied Services,</subfield>
    <subfield code="c">c2010.</subfield>
  </datafield>
  <datafield tag="300" ind1=" " ind2=" ">
    <subfield code="a">179 p.:</subfield>
    <subfield code="c">24cm.</subfield>
  </datafield>
  <datafield tag="505" ind1=" " ind2=" ">
    <subfield code="a">Contents: Accounting - the language of business -- Financial accounting principles -- Financial accounting standards -- Accounting process -- Business income -- Revenue recognition (including salient features of AS-9) and expense recognition -- The Nature of depreciation -- Inventory valuation (including salient features of AS-2 revised) -- Capital and revenue expenditures and receipts -- Financial statements of non-corporate business entities -- Financial statements of 'not-for-profit' organisations -- Financial statements from incomplete records -- Accounting for hire-purchase and instalment payment transactions -- Leases -- Accounting for branches -- Accounting for dissolution of partnership firms -- Guide to solutions to review questions -- Guide to answers to practical problems.</subfield>
  </datafield>
  <datafield tag="650" ind1=" " ind2=" ">
    <subfield code="b">Financial Accounting</subfield>
  </datafield>
  <datafield tag="700" ind1=" " ind2=" ">
    <subfield code="a">Sehgal, Deepak,</subfield>
  </datafield>
  <datafield tag="942" ind1=" " ind2=" ">
    <subfield code="2">lcc</subfield>
    <subfield code="c">BK</subfield>
  </datafield>
  <datafield tag="999" ind1=" " ind2=" ">
    <subfield code="c">2438</subfield>
    <subfield code="d">9938</subfield>
  </datafield>
  <datafield tag="952" ind1=" " ind2=" ">
    <subfield code="0">0</subfield>
    <subfield code="1">0</subfield>
    <subfield code="2">lcc</subfield>
    <subfield code="4">0</subfield>
    <subfield code="7">0</subfield>
    <subfield code="a">WIUC-1</subfield>
    <subfield code="b">WIUC-1</subfield>
    <subfield code="c">REF</subfield>
    <subfield code="d">2012-10-12</subfield>
    <subfield code="l">0</subfield>
    <subfield code="o">HF5635.S43</subfield>
    <subfield code="p">6406/12</subfield>
    <subfield code="r">2012-10-12 00:00:00</subfield>
    <subfield code="t">1</subfield>
    <subfield code="w">2012-10-12</subfield>
    <subfield code="y">BK</subfield>
  </datafield>
  <datafield tag="952" ind1=" " ind2=" ">
    <subfield code="0">0</subfield>
    <subfield code="1">0</subfield>
    <subfield code="2">lcc</subfield>
    <subfield code="4">0</subfield>
    <subfield code="7">0</subfield>
    <subfield code="a">WIUC-1</subfield>
    <subfield code="b">WIUC-1</subfield>
    <subfield code="c">REF</subfield>
    <subfield code="d">2012-10-12</subfield>
    <subfield code="l">0</subfield>
    <subfield code="o">HF5635.S44</subfield>
    <subfield code="p">6407/12</subfield>
    <subfield code="r">2012-10-12 00:00:00</subfield>
    <subfield code="t">2</subfield>
    <subfield code="w">2012-10-12</subfield>
    <subfield code="y">BK</subfield>
  </datafield>
  <datafield tag="952" ind1=" " ind2=" ">
    <subfield code="0">0</subfield>
    <subfield code="1">0</subfield>
    <subfield code="2">lcc</subfield>
    <subfield code="4">0</subfield>
    <subfield code="7">0</subfield>
    <subfield code="a">WIUC-1</subfield>
    <subfield code="b">WIUC-1</subfield>
    <subfield code="c">REF</subfield>
    <subfield code="d">2012-10-12</subfield>
    <subfield code="l">0</subfield>
    <subfield code="o">HF5635.S45</subfield>
    <subfield code="p">6408/12</subfield>
    <subfield code="r">2012-10-12 00:00:00</subfield>
    <subfield code="t">3</subfield>
    <subfield code="w">2012-10-12</subfield>
    <subfield code="y">BK</subfield>
  </datafield>
</record>
